El zapatero y el rey (Record no. 36979)

MARC details
000 -LEADER
campo de control de longitud fija 00582nam a2200181 i 4500
001 - NÚMERO DE CONTROL
campo de control 36979
003 - IDENTIFICADOR DE NÚMERO DE CONTROL
campo de control ES-MaACL
005 - FECHA Y HORA DE LA ÚLTIMA TRANSACCIÓN
campo de control 20231229063004.0
007 - CAMPO FIJO DE DESCRIPCIÓN FÍSICA--INFORMACIÓN GENERAL
campo de control de longitud fija t|
008 - DATOS DE LONGITUD FIJA--INFORMACIÓN GENERAL
campo de control de longitud fija 160728s1840 sp |||| | spa d
080 ## - NÚMERO DE LA CLASIFICACIÓN DECIMAL UNIVERSAL
Número de la Clasificación Decimal Universal 821.134.23-24"18"
100 1# - ENTRADA PRINCIPAL--NOMBRE DE PERSONA
Nombre de persona Zorrilla, José,
Fechas asociadas al nombre 1817-1893
9 (RLIN) 118354
245 13 - MENCIÓN DEL TÍTULO
Título El zapatero y el rey
Resto del título : drama en cuatro actos /
Mención de responsabilidad, etc. por José Zorrila.
260 ## - PUBLICACIÓN, DISTRIBUCIÓN, ETC.
Lugar de publicación, distribución, etc. Madrid :
Nombre del editor, distribuidor, etc. [s.n.],
Fecha de publicación, distribución, etc. 1840 (
Fabricante Imp. Yenes)
300 ## - DESCRIPCIÓN FÍSICA
Extensión 110 p. ;
Dimensiones 19 cm.
852 ## - LOCALIZACIÓN
Ubicación ES-MaACL
Número de control de estantería D-1760(3)
Nota libre - Enc. hol.
-- . - Legado de Modesto de la Fuente
Holdings
Estatus retirado Estado de pérdida Estado de daño No para préstamo Colección Biblioteca de origen Biblioteca actual Ubicación en estantería Fecha de adquisición Fuente de adquisición Total de préstamos Signatura topográfica completa Código de barras Visto por última vez Precio de reemplazo Tipo de ítem Koha
        Libros del s. XIX Biblioteca del Ateneo de Madrid Biblioteca del Ateneo de Madrid Sala Valle Inclán 28/07/2016     D-1760(3) 901195650 23/02/2023 23/02/2023 Libro impreso antiguo